Bilecik Bilecik Bilecik Bilecik Bilecik

Türkiye'de ve dünyada sözlük yazımı ve araştırmaları . (Record no. 43239)

MARC details
000 -BAŞLIK
Sabit Uzunluktaki Kontrol Alanı 04921nam a22003977a 4500
001 - KONTROL NUMARASI
Control Dosyası 0043418
003 - KONTROL NUMARASI KİMLİĞİ
Kontrol Alanı KOHA_MİRAKIL
005 - EN SON İŞLEM TARİHİ ve ZAMANI
Kontrol Alanı 20260207003348.0
007 - FİZİKSEL TANIM SABİT ALAN - GENEL BİLGİ
Sabit uzunluklu kontrol alanı ta
008 - SABİT UZUNLUKTAKİ VERİ ÖGELERİ - GENEL BİLGİ
Sabit Alan 130730b2010 tu |||grn|||#0|||1|tur |
020 ## - ISBN - ULUSLARARASI STANDART KİTAP NUMARASI
Isbn 9789756444856
040 ## - KATALOGLAMA KAYNAĞI
Özgün Kataloglama Kurumu TR-BiSEU
Kataloglama Dili tur
Çeviri Kurumu TR-BiSEU
Açıklama Kuralları rda
041 0# - DİL KODU
Metin ya da ses kaydının dil kodu tur
044 ## - YAYINLAYAN/ÜRETEN KURULUŞUN ÜLKE KODU
ISO country code tu
050 ## - SINIFLAMA ve YER NUMARASI
Sınıflama Numarası PL184.3
Yer Numarası .T87 2010
111 2# - TOPLANTI ADI
Toplantı Adı Türkiye'de ve dünyada sözlük yazımı ve araştırmaları uluslararası sempozyumu bildirileri, 4-6 Kasım 2010
9 (RLIN) 80929
245 1# - ESER ADI BİLDİRİMİ
Başlık Türkiye'de ve dünyada sözlük yazımı ve araştırmaları .
250 ## - BASIM BİLDİRİMİ
Basım Bildirimi Birinci basım
264 #1 - ÜRERİM, YAYIN, DAĞITIM ve TELİF BİLDİRİMİ
Yayın yeri İstanbul :
Yayınlayan Kubbealtı Neşriyat
Yayın tarihi 2010
300 ## - FİZİKSEL TANIMLAMA
Sayfa, Cilt vb. 454 sayfa ;
Boyutları 25 cm.
336 ## - İÇERİK TÜRÜ
Content type term metin
Content type code txt
Source rdacontent
337 ## - MEDYA TÜRÜ
Media type term aracısız
Media type code n
Source rdamedia
338 ## - TAŞIYICI TÜRÜ
Carrier type term cilt
Carrier type code nc
Source rdacarrier
490 1# - DİZİ BİLDİRİMİ
Dizi Bildirimi Kubbealtı Neşriyat ;
Cilt Numarası no.
490 1# - DİZİ BİLDİRİMİ
Dizi Bildirimi 167
505 ## - İÇİNDEKİLER NOTU
İçindekiler Notu İÇİNDEKİLER
650 #0 - KONU BAŞLIĞI EK GİRİŞ - KONU TERİMİ
Konusal terim veya coğrafi ad Ayverdi, İlhan.
9 (RLIN) 80930
650 #0 - KONU BAŞLIĞI EK GİRİŞ - KONU TERİMİ
Konusal terim veya coğrafi ad Türk dili--Kongreler.
9 (RLIN) 26347
650 #0 - KONU BAŞLIĞI EK GİRİŞ - KONU TERİMİ
Konusal terim veya coğrafi ad Türk dili--Sözlük yazımı--Kongreler.
9 (RLIN) 80931
650 #0 - KONU BAŞLIĞI EK GİRİŞ - KONU TERİMİ
Konusal terim veya coğrafi ad Turkish language--Lexicography--Congresses.
9 (RLIN) 80932
650 #0 - KONU BAŞLIĞI EK GİRİŞ - KONU TERİMİ
Konusal terim veya coğrafi ad Turkish language--Congresses.
9 (RLIN) 26346
830 1# - SERİ EK GİRİŞİ - TEKBİÇİM ESER ADI
Tekbiçim Başlık Kubbealtı Neşriyat ;
Volume number/sequential designation no.
9 (RLIN) 26068
830 1# - SERİ EK GİRİŞİ - TEKBİÇİM ESER ADI
Tekbiçim Başlık 167
9 (RLIN) 14582
907 ## - LOCAL DATA ELEMENT G, LDG (RLIN)
a Araştırma
942 ## - EK GİRİŞ ÖGELERİ (KOHA)
Source of classification or shelving scheme Library of Congress Classification
Koha item type Book
505 ## - İÇİNDEKİLER NOTU
-- Önsöz 7
-- Takdim Konuşması 9
-- Açış Konuşmaları
-- Bahçeşehir Üniversitesi Medeniyet Araştırmaları Merkezi 13
-- Elginkan Vakfı 17
-- Kubbealtı Akademisi Kültür ve Sanat Vakfı 21
-- Ahmet Topaloğlu-Türkçe'de Genel ve Özel Sözlükler ile Sözlük Yazımı 25
-- Eva Agnes Csatö - Lars Johanson
-- lurkish and Svvedish Mental Verbs in Crosslinguistic Perspective 29
-- limur Kocaoğlu - lürk Lehçelerinin Karşılaştırmalı Sözlüğü İçin
-- Dördüncü Yöntem Önerisi 43
-- Vügar Sultanzade - 1 ürk Dilleri ve Lehçeleri Arasında Benzeşimler
-- Sözlüklerinin Hazırlanmasının Yöntem ve Prensipleri 52
-- Ekrem Arıkoğlu - Lehçe Sözlüğü Hazırlarken Karşılaştığım
-- Sorunlar ve Çözüm Yolları 57
-- Paşa Yavuzarslan - larihî ve Çağdaş Türkçe Sözlüklerde Homonymous
-- (Eşadli) ve Homographic (Eşyazımlı) Sözcükler66
-- Yavuz Kartallıoğlu - Xavier Bianchi'nin "Dictionnaire Français-Turc" Adlı
-- Sözlüğünde Vulgarize (Halklılaşmış) Kelimeler 73
-- Gulom İsmailov - The Role Of Terms And Contribution Of Scientists
-- In The Progress Of Sciences and Ne Dıctionaries 4n Özbekistan 93
-- Engin Yılmaz-Yonca Koçmar - "Çocuk" Kavramının Sözlüksel
-- Tanımlarının Eleştirisi 103
-- Olga Karpova - Modern Lexicographic Scene Of Great Britain With
-- Special Reference To Modern Users' Profile 116
-- Ahmet Turan Sinan - Türkiye'de Deyimler Sözlüğü 124
-- Muhammed Mustafa Kulu - Arapça, İbranice, Türkçe ve Ortadoğu'da Ortak Kökler ....
-- Vural Ülkü - Yem Bir "Büyük Türkçe-Almanca Sözlük" Projesi ı85
-- Nazır Ahmad Dhar - Linguistic Relativity To Be Indıcated In
-- Lexıcography Among Indian Languages 196
-- Fikret Turan - Türkçe Sözlüklerde İngilizceden Türkçeye Gecen
-- Kelimelerin imlası ve Tanımı: Problemler ve Öneriler. 212
-- Tuncer Gülensoy - Dünden Bugüne Türkiye Türkçesinin
-- Köken Bilgisi Söküklen" Üzerine Notlar 2n
-- Dursun Zengin - Türkçenin Tersine Sözlüğü 226
-- Radta Benzehra - Understanding Corpus-Based Le^cography: The Treatment
-- ol Start and Begın' in Cobuild (1995) and Node (1998) 239
-- Fent Hakimcan - Tatarcanın Değişmez Benzetmeler Sözlüğü 257
-- Adnan İnce - Nimetullâh Lügatı'nın Metin Kuruluşu Üzerine 265
-- Aysel Uzuntaş - Türkçe ve Almanca Sözlüklerde Fiiller 280
-- Pelin Kocapınar - Sözlük Sınıflandırmalarında "Tematik Sözlük"ün Yeri 302
-- Semih Tezcan-R.Aslıhan Aksoy Sheridan-Michael Douglas Sheridan-
-- v ya Çelebi Seyahatnamesi Tümdizini (Concordance) 314
-- Mahmut Babacan - Üniversite 1. Sınıf Öğrencilerinin Sözlük Kullanma
-- Becerilen Üzerine Bir Araştırma Afyonkarahisar Örneği 321
-- Murat Kuçuk - I urk Sözlükçülük Tarihinde Atasözleri ve Deyimler 323
-- İsmail Durmuş - Arapça Sözlük Yazımı: Farklı Yöntem ve Türler 334
-- Numan Aruç - Olivera Yaşar-Nasteva'nın Makedonca-Türkçe Sözlük Denemesi
-- Gulseren lor - Ağız Çalışmalarının Sözlük Bölümü Üzerine 358
-- Bcdıa Demiriş - Antikçağda Sözlük Çalışmaları ve Flaccus'tan Dıaconus'a 382
-- Erdoğan Boz - Çağdaş Türkçe Sözlüklerde Batı Kökenli Sözcüklerin
-- Köken Dil ve Biçim Sorunu "Sigara" Örneği 399
-- Bayram Çetınkaya - Eşdizimlı Sözlükler ve Türkçenin Eşdizimli Sözlüğü 406
-- Nurettin Demir - Yerel Sözvarlığının Belgelenmesi: Ankara Örneği 416
-- Belgin 1 ezcan Aksu - Türk Dü Kurumu Sözlük Geleneği ve Türkçe Sözlük ... 425
-- Bilge Gökter - Türkiye'deki Ağız Sözlüklerinde Yöntem Sorunları442
--
Holdings
Materyal Türü Kalıcı Konum Mevcut Konum Raf Yeri Sınıflandırma Kaynağı Edinim Bilgisi Ana Konular Alt Konular Yer Numarası Demirbaş Numarası Fatura Tarihi Maliyet, Alış Fiyatı Maliyet, Yenileme Fiyatı Geri Çekilme Durumu Kayıp Durumu Hasarlı Durumu Kredi için değil Kayıt Tarih Toplam Ödünçverme Son Görülme Tarihi Son Kontrol Tarihi Satın Alma Notu
Book Prof. Dr. Azmi Özcan Kütüphanesi Prof. Dr. Azmi Özcan Kütüphanesi Birûni Salonu Library of Congress Classification Satın DİL VE EDEBİYAT Doğu Asya, Afrika, Okyanusya Dilleri ve Edebiyatları PL184.3 .T87 2010 0043418 24/09/2013 16.10 16.10         30/07/2013   05/12/2024 05/12/2024 73291-73383 (92 sayfa)